MARC
| LEADER | 00000 a a2200000 04500 | ||
|---|---|---|---|
| 001 | 723 | ||
| 003 | |||
| 040 | |||
| 245 | |a Desarrollo sustentable con equidad | ||
| 500 | |a Declaración presentada al Plenario de la Conferencia Mundial sobre Financiación para el Desarrollo por parte del Foro Global | ||
| 650 | |a MODELOS ECONOMICOS | ||
| 650 | |a DESARROLLO ECONOMICO Y SOCIAL | ||
| 650 | |a POLITICA ECONOMICA | ||
| 650 | |a ORGANISMOS ESPECIALIZADOS | ||
| 650 | |a AJUSTE ESTRUCTURAL | ||
| 773 | |g número 350; páginas 17-19 | ||
| 999 | |c 23062 |d 23062 | ||
